<?xml version="1.0" encoding="UTF-8"?>
<collection xmlns="http://www.loc.gov/MARC21/slim">
  <record>
    <leader>00000nam  2200000   4500</leader>
    <controlfield tag="001">INLIS000000000020700</controlfield>
    <controlfield tag="005">20250730025229</controlfield>
    <datafield tag="035" ind1="#" ind2="#">
      <subfield code="a">0010-0725000230</subfield>
    </datafield>
    <controlfield tag="007">ta</controlfield>
    <controlfield tag="008">250730################|##########|#|##</controlfield>
    <datafield tag="084" ind1="#" ind2="#">
      <subfield code="a">R 0004 PKP 2024</subfield>
    </datafield>
    <datafield tag="100" ind1=" " ind2="#">
      <subfield code="a">M. Yasin</subfield>
    </datafield>
    <datafield tag="245" ind1="1" ind2="#">
      <subfield code="a">Transformasi Pemeliharaan Sarana Dan Prasarana Dengan Metode ISMO Berbasis E-ISMO Untuk Meningkatkan Efisiensi Dan Keberlanjutan Di Politeksnik ATI Makasar /</subfield>
      <subfield code="c">M. Yasin</subfield>
    </datafield>
    <datafield tag="260" ind1="#" ind2="#">
      <subfield code="a">Jakarta :</subfield>
      <subfield code="b">Pusbangkom Pimnas dan Manajerial ASN,</subfield>
      <subfield code="c">2024</subfield>
    </datafield>
    <datafield tag="300" ind1="#" ind2="#">
      <subfield code="a">36 hlm. ;</subfield>
      <subfield code="c">30 cm</subfield>
    </datafield>
    <datafield tag="650" ind1="#" ind2="4">
      <subfield code="a">Elektronik ISMO</subfield>
    </datafield>
    <datafield tag="520" ind1="#" ind2="#">
      <subfield code="a">E-ISMO menawarkan solusi inovatif dengan memanfaatkan teknologi digital dalam manajemen pemeliharaan. Melalui pendekatan preventif, sistem ini mampu mengurangi kerusakan besar, memperpanjang usia pakai aset, dan menekan biaya perbaikan darurat. Selain itu, E-ISMO mendukung pengambilan keputusan berbasis data melalui fitur pelaporan otomatis, pemantauan real time, dan analisisi performa aset. Hasil penerapan menunjukkan memberikan dampak positif pada kualitas layanan kampus dan mendukung terciptanya lingkungan yang lebih produktif dan modern</subfield>
    </datafield>
    <datafield tag="990" ind1="#" ind2="#">
      <subfield code="a">2024/1.2.4/A/0004</subfield>
    </datafield>
  </record>
</collection>
